| 000 | 00890nam a22002897a 4500 | ||
|---|---|---|---|
| 001 | BR8708664 | ||
| 003 | BR-BrBNA | ||
| 005 | 20230928092800.0 | ||
| 007 | ta | ||
| 008 | 230509b bl.||||| |||| 00| 0 por d | ||
| 040 |
_aBR-BrBNA _bpor _cBiblioteca Nacional de Agricultura |
||
| 041 | _a(Por) | ||
| 072 |
_aL10 _b5300 |
||
| 090 | _ 5300 BR8708664 | ||
| 100 | 1 | _aNascimento, J.D. do | |
| 110 | 1 |
_aUniversidade Federal de Minas Gerais, Belo Horizonte (Brasil). Escola de Veterinaria _0Tese (Mestrado) |
|
| 245 | 1 | _aEstudo genetico e fenotipico do tamanho de leitegada em suinos da raca Duroc | |
| 260 | 3 |
_aBelo Horizonte, MG (Brasil): _c1986. |
|
| 300 | _a70 p. | ||
| 500 | _aBibliography (69 ref.); Summary (Por); 14 tables | ||
| 650 | _aSUINO | ||
| 650 | _aLEITEGADA | ||
| 650 | _aDUROC | ||
| 650 | _aGENETICA ANIMAL | ||
| 909 |
_a202309 _bLucia _c55 _dLucia Elande |
||
| 942 | _cBK | ||
| 999 |
_c41162 _d41162 |
||